| 000 | 02873nkm0a2200493 4500 | ||
|---|---|---|---|
| 001 | RU\NLR\BIBL_A\022383400 | ||
| 005 | 20260408024043.0 | ||
| 035 | _a(NLR Aleph) 022383400 | ||
| 071 | 5 | 0 |
_dбесплатно _920000 |
| 090 |
_a13523210 _c13523210 |
||
| 100 | _a20241116d1953 u y0rusy50 ca | ||
| 101 | 0 | _arus | |
| 102 | _aRU | ||
| 116 | _aiiycxx zz ad | ||
| 135 | _acrcn 024anaba | ||
| 181 | 0 |
_ab4 _bxb2e |
|
| 182 | 0 | _an | |
| 200 | 1 |
_aМороженое _eМинистерство легкой и пищевой промышленности СССР _eГлавхладопром _e[плакат] _fхудожник А. Б. Иогансон |
|
| 203 |
_aИзображение _bнеподвижное _bдвухмерное _bвизуальное _cнепосредственное |
||
| 210 |
_aМосква _cМосторгреклама _d1953 _eМосква _gМосковский полиграфтехникум имени русского первопечатника Ивана Федорова |
||
| 215 |
_a1 л. _cфотомех. печ. _d61,3х46,5 |
||
| 300 | _aВ вып. данных: Л-87697 23/III-53 г.; Заказ № 513 | ||
| 325 | _aКопия доступна в Электрон. б-ке РНБ | ||
| 327 | 0 | _aДед Мороз с огромной белой бородой, в синей шубе с торговым знаком "Главхолод" и различные виды мороженого | |
| 600 | 0 |
_aДед Мороз _jПлакаты _92608714 _3RU\NLR\AUTH\661545272 |
|
| 606 | 1 |
_aРекламный плакат русский советский _92310015 _3RU\NLR\AUTH\661382555 |
|
| 686 | _aЩ153(2Р=Рус)7-466 | ||
| 700 | 1 |
_aИогансон _bА. Б. _f1916–после 1990, 1976? _gАндрей Борисович _4040 |
|
| 712 | 0 | 1 |
_4570 _aСССР _bГлавное управление холодильниками _3RU\NLR\AUTH\8810184755 _9865653 |
| 712 | 0 | 1 |
_4570 _aСССР _bМинистерство легкой и пищевой промышленности _3RU\NLR\AUTH\8813430 _9299863 |
| 712 | 0 | 2 |
_4650 _a"Торгреклама", контора _cМосква _3RU\NLR\AUTH\8810177599 _9851277 |
| 712 | 0 | 2 |
_4610 _aМосковский полиграфический техникум им. Ивана Федорова _3RU\NLR\AUTH\889925069 _9345910 |
| 852 | 0 | 0 |
_aNLR _bЭ _jР.Сов.50-е/Торг. |
| 852 | 0 | 0 |
_aNLR _bЭ _jР.Сов.50-е/Торг. |
| 856 | 0 | _uhttps://vivaldi.nlr.ru/la700001144/view | |
| 856 | 1 | _uhttps://vivaldi.nlr.ru/la700001144/cover | |
| 856 | 2 | _uhttps://vivaldi.nlr.ru/la700001144/text | |
| 942 | _cVISUAL | ||
| 980 | _aNB | ||
| 981 | 1 | 7 |
_a(17) Изографические материалы _b(17) Плакаты |